000 00305nam a22001457a 4500
008 180814b xxu||||| |||| 00| 0 eng d
020 _a9781884585685
041 _aeng
080 _a004
082 _a004
100 _a28
101 _aSHK
245 _aHow to use SPSS
_cCronk. B.C
942 _2udc
_cBK
999 _c47156
_d47156